000 00405nam a2200145 a 4500
001 000033209
005 20200930070111.0
008 110822s19uu dr 000 0 spa d
040 _aDO-SdBNP
_bspa
_cBNPHU
082 _axxx
_bC965p
100 1 _aCuello, Julio A.
_920639
245 1 4 _aLos poemas del instinto /
_cJulio A. Cuello.
260 _aParis :
_bpaladion,
_c[19-?].
300 _a[102 p. ] : ;
_c18 cm.
999 _c32700
_d32700